| 000 | 00976nam a2200241 a 4500 | ||
|---|---|---|---|
| 001 | 74050 | ||
| 003 | BD-RjUL | ||
| 005 | 20211209082501.0 | ||
| 008 | 180205s2017 bg a|||| i||| 001 0 ben d | ||
| 020 |
_a9847013104379 _cTK. 430.00 |
||
| 035 | _a(BD-RjUL)74268 | ||
| 040 |
_aBD-RjUL _beng _cBD-RjUL |
||
| 041 | _aben | ||
| 082 |
_223 _a320.9 _bMAA 2017 |
||
| 100 | _9220064 | ||
| 245 | 1 | 0 |
_aএকবিংশ শতাব্দীর রাষ্ট্রচিন্তা / _c আব্দুল লতিফ মাসুম, |
| 260 |
_aঢাকা : _bমেরিট ফেয়ার প্রকাশন , _c২০১৭ |
||
| 300 |
_a৪৪৬ পৃ. : _bচিত্র ; _c২২ সেমি. |
||
| 500 | _aইনডেক্স সম্বলিত | ||
| 650 |
_aরাষ্ট্রবিজ্ঞান _vইতিহাস _9220065 |
||
| 650 |
_a Political science _v History. _9220066 |
||
| 942 |
_2ddc _cBK |
||
| 999 |
_c74050 _d74050 |
||